000 02090nam a22003617a 4500
003 NALT
005 20240826134727.0
008 m252525 th ththa d
040 _aNALT
041 _atha
090 _aKA 204
_bส895ร2
100 0 _aเสถียร วิชัยลักษณ์
_945581
245 1 0 _aรวมกฎหมายไทย เล่ม 15 [ร2] /
_cเสถียร วิชัยลักษณ์.
260 _aกรุงเทพฯ :
_bนีติเวชช์,
_c2525-2529.
300 _a1 เล่ม :
_bตาราง ;
_c26 ซม.
610 2 4 _aเทศบาลเมืองสิงห์บุรี (เทศบัญญัติ)
_964413
610 2 4 _aเทศบาลเมืองราชบุรี (เทศบัญญัติ)
_964410
610 2 4 _aเทศบาลเมืองปราจีนบุรี (เทศบัญญัติ)
_964409
610 2 4 _aเทศบาลเมืองชุมพร (เทศบัญญัติ)
_964407
650 4 _aกฎหมาย
_zไทย
_94701
650 4 _aกฎหมายก่อสร้าง
_91555
650 4 _aผลิตภัณฑ์อุตสาหกรรม
_xกฎหมายและข้อระเบียบข้อบังคับ
_941608
650 4 _aวิศวกร
_964672
650 4 _aกฎหมายศุลกากร
_93186
650 4 _aสถาปนิก
_xกฎหมายและระเบียบข้อบังคับ
_959222
650 4 _aอาคาร
_xกฎหมายและระเบียบข้อบังคับ
_910264
650 4 _aอาคารชุด
_xกฎหมายและระเบียบข้อบังคับ
_934913
653 4 _aการลงทุนและส่งเสริมการลงทุน
653 4 _aอาชีพก่อสร้าง
653 4 _aสินค้าขาเข้าและสินค้าออก
850 _aNALT
942 _cREF
_2local
999 _c16508
_d16508
998 _j104
_k นางสาวสายฝน ดีงาม